000
00321nam a2200109Ia 4500
008
200302s9999 xx 000 0 und d
100
_a
Adri van den brink and Others
245
_a
Research in landscape architecture methods and methodology
260
_b
Taylor and Francis Group Publishing
260
_c
2017
300
_a
313
999
_c
6502
_d
6502